La Sociedad Hispano Medieval: grupos periféricos: las mujeres y los pobres

שמור ב:
מידע ביבליוגרפי
מחבר ראשי: Carlé, María del Carmen (Author)
פורמט: ספר
שפה:ספרדית
יצא לאור: Barcelona Gedisa 1988
נושאים:
תגים: הוספת תג
אין תגיות, היה/י הראשונ/ה לתייג את הרשומה!

MARC

LEADER 00000nam a2200000 a 4500
001 UCW9648
003 CL-VaPUC
008 890605e19880000SP |||||||||||||||||spa|d
082 0 4 |a 946.02  |b CAR  |2 21 
100 |a Carlé, María del Carmen  |e author  |9 314992 
245 1 3 |a La Sociedad Hispano Medieval: grupos periféricos: las mujeres y los pobres 
300 |a 151 p 
942 |c BK 
945 |d 19890605 00:00:00 
260 |a Barcelona  |b Gedisa  |c 1988 
650 0 |a Mujeres  |9 257649 
650 0 |a Pobreza  |9 258652 
650 0 |a Aspectos sociales  |y Edad Media   |9 314993 
651 0 |a España  |9 254926 
583 |a last modification  |c 19890605 00:00:00  |k Rodrigo Vera 
999 |c 221561  |d 221559 
952 |0 0  |1 0  |4 0  |6 946_020000000000000_CAR_1988  |7 0  |8 A  |9 215028  |a BIBHIS  |b BIBHIS  |d 2019-11-15  |i 2835908  |o 946.02 CAR 1988  |p 2835908  |r 2025-01-20  |w 2019-11-15  |y BK  |k HIS 
952 |0 0  |1 0  |4 0  |6 946_020000000000000_CAR_1988  |7 0  |8 A  |9 215029  |a BIBHIS  |b BIBHIS  |d 2019-11-15  |i 2835916  |o 946.02 CAR 1988  |p 2835916  |r 2025-01-20  |w 2019-11-15  |y BK  |k HIS 
952 |0 0  |1 0  |4 0  |6 946_020000000000000_CAR_1988  |7 0  |8 A  |9 215030  |a BIBHIS  |b BIBHIS  |d 2019-11-15  |i 1383108  |o 946.02 CAR 1988  |p 1383108  |r 2025-01-20  |w 2019-11-15  |y BK  |k HIS